Normal view
MARC view
- Ray H P Ed
Entry Personal Name
001 - CONTROL NUMBER
- control field: 29751
003 - CONTROL NUMBER IDENTIFIER
- control field: OSt
005 - DATE AND TIME OF LATEST TRANSACTION
- control field: 20220803173543.0
008 - FIXED-LENGTH DATA ELEMENTS
- fixed length control field: 220803|| aca||aabn | a|a d
040 ## - CATALOGING SOURCE
- Original cataloging agency: OSt
- Transcribing agency: OSt
100 ## - HEADING--PERSONAL NAME
- Personal name: Ray H P Ed
670 ## - SOURCE DATA FOUND
- Source citation: Work cat.: (OSt)18612: Ray H P Ed., Mausam : Maritime Cultural Landscapes Across The Indian Ocean .-9788173055249, 2014